| 000 | 00599nam a2200193 i 4500 | ||
|---|---|---|---|
| 001 | 90318 | ||
| 003 | ES-MaACL | ||
| 005 | 20230906180418.0 | ||
| 007 | t| | ||
| 008 | 050119s1934 sp ||||1| spa d | ||
| 245 | 0 | 0 |
_aLeyes sociales según los textos oficiales / _cpor Miguel Carazony de la Rosa ... [et al.]. |
| 260 |
_aMadrid : _b[s.n.], _c1934 ( _fUnion Tipográfica) |
||
| 300 |
_a1461 p. ; _c18 cm. |
||
| 490 | 1 | _aLegislación española | |
| 700 | 1 |
_aCarazony de la Rosa, Miguel. _934986 |
|
| 830 | 0 |
_aLegislación española _9184145 |
|
| 852 |
_aES-MaACL _jA-3212 |
||
| 999 |
_c90318 _d90318 |
||